| Tag |
First Indicator |
Second Indicator |
Subfields |
| LEADER |
00000pam a2200000 a 4500 |
| 001 |
in00000099255 |
| 005 |
20150924160111.0 |
| 008 |
810911s1982 njua b 00000 eng |
| 010 |
|
|
|a 81015433
|
| 020 |
|
|
|a 0137374038 (pbk.)
|
| 035 |
|
|
|a (OCoLC)07814154
|
| 035 |
|
|
|9 AAL0130AM
|
| 039 |
0 |
|
|a 2
|b 3
|c 3
|d 3
|e 3
|
| 040 |
|
|
|a DLC
|c DLC
|d TXA
|d UtOrBLW
|
| 043 |
|
|
|a n-us---
|
| 049 |
|
|
|a TXAM
|c [1117173]
|
| 050 |
0 |
0 |
|a HJ2052
|b P8 1982
|
| 082 |
0 |
|
|a 353.0072/2
|2 19
|
| 090 |
|
|
|a HJ2052
|b .P8 1982
|
| 245 |
0 |
0 |
|a Public budgeting :
|b program planning and implementation /
|c edited by Fremont J. Lyden, Ernest G. Miller.
|
| 250 |
|
|
|a 4th ed.
|
| 264 |
|
1 |
|a Englewood Cliffs, N.J. :
|b Prentice-Hall,
|c [1982]
|
| 264 |
|
4 |
|c ©1982
|
| 300 |
|
|
|a xiii, 410 pages :
|b illustrations ;
|c 23 cm.
|
| 336 |
|
|
|a text
|b txt
|2 rdacontent
|
| 337 |
|
|
|a unmediated
|b n
|2 rdamedia
|
| 338 |
|
|
|a volume
|b nc
|2 rdacarrier
|
| 504 |
|
|
|a Includes bibliographical references.
|
| 650 |
|
0 |
|a Program budgeting
|z United States.
|
| 700 |
1 |
|
|a Lyden, Fremont J.
|
| 700 |
1 |
|
|a Miller, Ernest G.
|
| 999 |
|
|
|a MARS
|
| 999 |
f |
f |
|s aa6beda6-d671-3c39-8e9b-635495e1f45d
|i 5b5295a6-55db-3d46-a513-f405c93057f3
|t 0
|
| 952 |
f |
f |
|p ric
|a Texas A&M University
|b Rellis Campus
|c Joint Library Facility
|d Remote Storage
|t 0
|e HJ2052 .P8 1982
|h Library of Congress classification
|i unmediated -- volume
|m A14806047235
|
| 998 |
f |
f |
|a HJ2052 .P8 1982
|t 0
|l Remote Storage
|